Adivinhe cada país pela dica - Statistics

Estatísticas Gerais
  • Esse quiz foi jogado 336 vezes
  • A pontuação média é 7 de 20
Estatísticas das Respostas
Pergunta 1 2 3 4 % Correto
Maiores países por população China Índia Estados Unidos Indonésia
96%
Países com mais bombas atômicas Rússia Estados Unidos China França
94%
Maiores países por área Rússia Canadá China Estados Unidos
87%
Países com mais taças de Copa do Mundo de Futebol Masculino Brasil Itália/Alemanha Uruguai/Argentina/França Inglaterra/Espanha
64%
Menores países por área Vaticano Mônaco Nauru Tuvalu
53%
Maiores países por área na África Argélia República Democrática do Congo Sudão Líbia
51%
Menores países por população Vaticano Nauru Tuvalu Palau
43%
Países com mais gelo Cazaquistão Rússia Dinamarca(Groenlândia) Canadá
42%
Países com mais medalhas dos Jogos Olímpicos da Oceania e África Austrália Nova Zelândia Quênia África do Sul
38%
Países com maior IDH Noruega Suíça Irlanda Alemanha
35%
Países mais ricos do mundo Catar Luxemburgo Singapura Irlanda
24%
Países com mais medalhas dos Jogos Olímpicos Estados Unidos Reino Unido Alemanha França
23%
Países mais recém criados Sudão do Sul Kosovo Sérvia/Montenegro Timor-Leste
21%
Países com mais imigrantes Estados Unidos Alemanha Arábia Saudita Rússia
19%
Países mais seguros da África África do Sul Marrocos Namíbia Quênia
16%
Maiores países produtores de café Brasil Vietnã Indonésia Colômbia
14%
Países mais seguros do mundo Islândia Nova Zelândia Portugal Áustria
11%
Maiores pordutores de cacau Costa do Marfim Gana Indonésia Nigéria
9%
Maiores países por inflação Venezuela Zimbábue Sudão Líbano
3%
Países mais perigosos Afeganistão Burkina Faso Burundi República Centro-Africana
2%
Nenhum quiz correspondente encontrado
Distribuição das Pontuações
Porcentagem de Pessoas com Cada Pontuação
Percentil de Números Respondidos
Sua Pontuação Histórica
Você não jogou esse quiz